[Event "HUN-chT2 Barcza 1819"]
[Site "Hungary"]
[Date "2019.03.10"]
[Round "9.5"]
[White "Mengyan, Marton"]
[Black "Dudas, Peter"]
[Result "1/2-1/2"]
[WhiteElo "1826"]
[BlackElo "2204"]
[PlyCount "66"]
[EventDate "2018.09.23"]
[EventType "team-tourn"]
[EventRounds "11"]
[EventCountry "HUN"]
[SourceTitle "EXT 2021"]
[Source "ChessBase"]
[SourceDate "2020.10.23"]
[SourceVersion "1"]
[SourceVersionDate "2020.10.23"]
[SourceQuality "1"]
[WhiteTeam "Kazincbarcika"]
[BlackTeam "Edeleny"]
[WhiteTeamCountry "HUN"]
[BlackTeamCountry "HUN"]

1. e4 e6 2. d4 d5 3. exd5 exd5 4. Bd3 Nc6 5. c3 Bd6 6. Nf3 Nge7 7. Qc2 Bg4 8. Nbd2 Qd7 9. h3 Bf5 10. Nf1 f6 11. Ne3 Bxd3 12. Qxd3 0-0-0 13. Bd2 g5 14. 0-0-0 Bf4 15. Nc2 Bxd2+ 16. Rxd2 Nf5 17. Re1 Nd6 18. Rde2 Ne4 19. Ne3 f5 20. Nd2 h5 21. Nef1 g4 22. h4 Qf7 23. f4 Rh6 24. g3 Ne7 25. Nb3 Qe8 26. Nc5 Qc6 27. Nxe4 fxe4 28. Qc2 Nf5 29. Rg2 Qa6 30. Kb1 Rf8 31. Qd2 Qa5 32. Ne3 Ra6 33. b3 Nxe3 1/2-1/2

[Event "HUN-chT2 Barcza 1819"]
[Site "Hungary"]
[Date "2018.10.28"]
[Round "3.5"]
[White "Dudas, Peter"]
[Black "Vanczak, Attila"]
[Result "1-0"]
[WhiteElo "2204"]
[BlackElo "2185"]
[PlyCount "35"]
[EventDate "2018.09.23"]
[EventType "team-tourn"]
[EventRounds "11"]
[EventCountry "HUN"]
[SourceTitle "CBM 189 Extra"]
[Source "ChessBase"]
[SourceDate "2019.06.03"]
[SourceVersion "1"]
[SourceVersionDate "2019.06.03"]
[SourceQuality "1"]
[WhiteTeam "Edeleny"]
[BlackTeam "Miskolc Kisbocsok"]
[WhiteTeamCountry "HUN"]
[BlackTeamCountry "HUN"]

1. d4 f5 2. Qd3 d5 3. g4 e6 4. Nc3 Nf6 5. gxf5 exf5 6. Bg5 Be7 7. Bxf6 Bxf6 8. 0-0-0 0-0 9. h4 Nc6 10. Bg2 Be6 11. e3 Nb4 12. Qd2 c5 13. Nge2 cxd4 14. Nxd4 Rc8 15. a3 Rxc3 16. axb4 Rc4 17. Nxe6 Qc8 18. Bxd5 1-0

[Event "HUN-chT2 Barcza 1415"]
[Site "Hungary"]
[Date "2014.11.16"]
[Round "?"]
[White "Racz, Zoltan"]
[Black "Dudas, Peter"]
[Result "1-0"]
[WhiteElo "2223"]
[BlackElo "2252"]
[PlyCount "39"]
[EventDate "2014.09.07"]
[EventType "team-tourn"]
[EventRounds "11"]
[EventCountry "HUN"]
[SourceTitle "EXT 2016"]
[Source "ChessBase"]
[SourceDate "2015.10.08"]
[SourceVersion "1"]
[SourceVersionDate "2015.10.08"]
[SourceQuality "1"]
[WhiteTeam "Nyiregyhaza"]
[BlackTeam "Edeleny"]
[WhiteTeamCountry "HUN"]
[BlackTeamCountry "HUN"]

1. e4 Nf6 2. e5 Nd5 3. d4 d6 4. Nf3 Bg4 5. Be2 dxe5 6. Nxe5 Bxe2 7. Qxe2 c6 8. Qf3 Nf6 9. Qb3 Qxd4 10. Qxf7+ Kd8 11. Qe6 Qe4+ 12. Be3 Qxg2 13. Nf7+ Kc7 14. Bf4+ Kb6 15. Nc3 Qxh1+ 16. Ke2 Qg2 17. Qb3+ Ka6 18. Qa3+ Kb6 19. Na4+ Kb5 20. Qb3+ 1-0

[Event "HUN-chT2 Barcza 1213"]
[Site "Hungary"]
[Date "2012.09.16"]
[Round "1.5"]
[White "Nemeti, Kornel"]
[Black "Dudas, Peter"]
[Result "0-1"]
[WhiteElo "1981"]
[BlackElo "2246"]
[PlyCount "114"]
[EventDate "2012.09.16"]
[EventType "team-tourn"]
[EventRounds "11"]
[EventCountry "HUN"]
[SourceTitle "EXT 2014"]
[Source "ChessBase"]
[SourceDate "2013.11.20"]
[SourceVersion "1"]
[SourceVersionDate "2013.11.20"]
[SourceQuality "1"]
[WhiteTeam "Debrecen Betu"]
[BlackTeam "Edeleny"]
[WhiteTeamCountry "HUN"]
[BlackTeamCountry "HUN"]

1. e4 e6 2. d4 d5 3. Nc3 Bb4 4. Nge2 Nc6 5. exd5 exd5 6. Nf4 Nge7 7. Bb5 0-0 8. 0-0 Bf5 9. Bxc6 bxc6 10. Nd3 Bxd3 11. Qxd3 c5 12. dxc5 Bxc5 13. Bf4 Ng6 14. Bg3 c6 15. Rfe1 Qf6 16. Na4 Bd6 17. Bxd6 Qxd6 18. Qd4 Rfe8 19. Rad1 Nf4 20. Nc3 Ne6 21. Qa4 Reb8 22. b3 Rb4 23. Qa6 Qc5 24. Qd3 Rd4 25. Qf3 Rxd1 26. Rxd1 Nd4 27. Qe3 Qxc3 28. Qxd4 Qxc2 29. Qd2 Qxd2 30. Rxd2 Kf8 31. Rc2 Rc8 32. Rc5 Ke7 33. Kf1 Kd6 34. b4 Re8 35. f3 g6 36. Kf2 Re5 37. Ra5 Re7 38. Rc5 Rb7 39. a3 Re7 40. g3 Re5 41. Ra5 d4 42. Rxa7 d3 43. Ra8 Re2+ 44. Kf1 Kd5 45. a4 Rb2 46. a5 Rxb4 47. a6 Ra4 48. a7 Kc4 49. Rc8 Rxa7 50. Rxc6+ Kd4 51. Rd6+ Kc3 52. Rd8 Ra1+ 53. Kg2 d2 54. Rc8+ Kd3 55. Rd8+ Kc3 56. Rc8+ Kb4 57. Rb8+ Kc5 0-1

[Event "HUN-chT2 Barcza 1112 "]
[Site "Hungary"]
[Date "2012.05.20"]
[Round "11"]
[White "Dudas, Peter"]
[Black "Bakos, Levente"]
[Result "1-0"]
[WhiteElo "2189"]
[BlackElo "2152"]
[PlyCount "53"]
[EventDate "2011.09.25"]
[EventType "team-tourn"]
[EventRounds "11"]
[EventCountry "HUN"]
[SourceTitle "EXT 2013"]
[Source "ChessBase"]
[SourceDate "2012.11.22"]
[SourceVersion "1"]
[SourceVersionDate "2012.11.22"]
[SourceQuality "1"]
[WhiteTeam "Edeleny"]
[BlackTeam "DEAC"]
[WhiteTeamCountry "HUN"]
[BlackTeamCountry "HUN"]

1. d4 d5 2. Nf3 e6 3. e3 c5 4. c3 Nf6 5. Bd3 Nc6 6. Nbd2 Be7 7. Qe2 0-0 8. dxc5 e5 9. e4 Bg4 10. h3 Bh5 11. 0-0 d4 12. Nb3 dxc3 13. Rd1 Qc7 14. bxc3 Bxf3 15. Qxf3 Na5 16. Bg5 Nxb3 17. axb3 Qxc5 18. Bc4 a5 19. Bxf6 Bxf6 20. Rd7 Qc6 21. Qd3 Qb6 22. Qd5 Rad8 23. Qxb7 Qxb7 24. Rxb7 Ra8 25. Bd5 Bd8 26. b4 Rc8 27. bxa5 1-0

[Event "HUN-chT2 Barcza 1112 "]
[Site "Hungary"]
[Date "2012.05.06"]
[Round "10"]
[White "Mizik, Zsolt"]
[Black "Dudas, Peter"]
[Result "1/2-1/2"]
[WhiteElo "2092"]
[BlackElo "2189"]
[PlyCount "96"]
[EventDate "2011.09.25"]
[EventType "team-tourn"]
[EventRounds "11"]
[EventCountry "HUN"]
[SourceTitle "EXT 2013"]
[Source "ChessBase"]
[SourceDate "2012.11.22"]
[SourceVersion "1"]
[SourceVersionDate "2012.11.22"]
[SourceQuality "1"]
[WhiteTeam "Tiszavasvar"]
[BlackTeam "Edeleny"]
[WhiteTeamCountry "HUN"]
[BlackTeamCountry "HUN"]

1. e4 e6 2. d4 d5 3. exd5 exd5 4. Bd3 Nc6 5. c3 Bd6 6. h3 Nge7 7. Nf3 Be6 8. Ng5 Bf5 9. Qf3 Qd7 10. Bxf5 Qxf5 11. 0-0 0-0 12. a4 Rfe8 13. Na3 f6 14. Qxf5 Nxf5 15. Nf3 Bxa3 16. Rxa3 Na5 17. Bf4 Nc4 18. Raa1 Nfd6 19. Rab1 Ne4 20. Rfc1 Rac8 21. b3 Ncd6 22. c4 c6 23. g4 g5 24. Bh2 h5 25. c5 Nf7 26. gxh5 g4 27. hxg4 Nh6 28. Nh4 Nxg4 29. f3 Nxh2 30. fxe4 Rxe4 31. Nf5 Re2 32. Rc3 Kh7 33. Rg3 Rg8 34. Rxg8 Kxg8 35. Rd1 Nf3+ 36. Kf1 Rh2 37. Rd3 Ng5 38. Nd6 Ne6 39. Nxb7 Rh4 40. Rf3 Kg7 41. Nd6 Nxd4 42. h6+ Kxh6 43. Rxf6+ Kg5 44. Rf7 Nxb3 45. Rxa7 Nxc5 46. Rc7 Rxa4 47. Rxc6 Nd3 48. Ke2 Ra3 1/2-1/2

[Event "HUN-chT2 Barcza 1112 "]
[Site "Hungary"]
[Date "2012.03.25"]
[Round "8"]
[White "Bagoly, Janos"]
[Black "Dudas, Peter"]
[Result "0-1"]
[WhiteElo "2106"]
[BlackElo "2189"]
[PlyCount "82"]
[EventDate "2011.09.25"]
[EventType "team-tourn"]
[EventRounds "11"]
[EventCountry "HUN"]
[SourceTitle "EXT 2013"]
[Source "ChessBase"]
[SourceDate "2012.11.22"]
[SourceVersion "1"]
[SourceVersionDate "2012.11.22"]
[SourceQuality "1"]
[WhiteTeam "Sajoszentpeter"]
[BlackTeam "Edeleny"]
[WhiteTeamCountry "HUN"]
[BlackTeamCountry "HUN"]

1. d4 d5 2. c4 c6 3. cxd5 cxd5 4. Nf3 Nf6 5. Nc3 Nc6 6. Bf4 e6 7. e3 a6 8. Bd3 Be7 9. h3 Bd7 10. Rc1 Rc8 11. 0-0 b5 12. Ne5 Na5 13. Qe2 Bb4 14. Bg5 Nc4 15. e4 Bxc3 16. bxc3 h6 17. Bxf6 gxf6 18. Nf3 dxe4 19. Bxe4 Nd6 20. Nd2 Nxe4 21. Nxe4 Bc6 22. Nc5 Qd5 23. f3 Ra8 24. Rfe1 Ke7 25. Red1 Rhg8 26. Rd3 Rg6 27. Rc2 a5 28. Re3 Rag8 29. Qd3 f5 30. a4 f4 31. Re5 Qxf3 32. Qxf3 Bxf3 33. g4 bxa4 34. Rf2 Bd5 35. Nxa4 f5 36. Nb6 Bb3 37. Rxf4 fxg4 38. hxg4 Rxg4+ 39. Rxg4 Rxg4+ 40. Kf2 Rg5 41. Nc8+ Kd7 0-1

[Event "HUN-chT2 Barcza 1112 "]
[Site "Hungary"]
[Date "2011.11.27"]
[Round "4"]
[White "Sallai, Janos"]
[Black "Dudas, Peter"]
[Result "1/2-1/2"]
[WhiteElo "2035"]
[BlackElo "2189"]
[PlyCount "88"]
[EventDate "2011.09.25"]
[EventType "team-tourn"]
[EventRounds "11"]
[EventCountry "HUN"]
[SourceTitle "EXT 2013"]
[Source "ChessBase"]
[SourceDate "2012.11.22"]
[SourceVersion "1"]
[SourceVersionDate "2012.11.22"]
[SourceQuality "1"]
[WhiteTeam "Mezokovesd"]
[BlackTeam "Edeleny"]
[WhiteTeamCountry "HUN"]
[BlackTeamCountry "HUN"]

1. e4 d6 2. d4 Nc6 3. f4 Nf6 4. Nc3 e5 5. dxe5 dxe5 6. Qxd8+ Nxd8 7. fxe5 Ng4 8. h3 Nxe5 9. Be3 Ne6 10. 0-0-0 Bd7 11. Nf3 Ng6 12. Bc4 Bd6 13. Nb5 Bxb5 14. Bxb5+ Ke7 15. Bc4 h6 16. Nd4 Nxd4 17. Bxd4 Ne5 18. Bxe5 Bxe5 19. Rd5 f6 20. Rhd1 Rhd8 21. Rxd8 Rxd8 22. Rxd8 Kxd8 23. b3 Ke7 24. Kd1 Kd6 25. Ke2 Kc5 26. Kd3 Kb4 27. a4 c6 28. Be6 b5 29. axb5 cxb5 30. c4 Kxb3 31. cxb5+ Kb4 32. Bd7 Kc5 33. Be8 g5 34. Bd7 h5 35. Be8 Bc7 36. Bd7 Kd6 37. Be8 Kc5 38. Bd7 Kd6 39. Be8 h4 40. Ke3 Bb6+ 41. Kf3 Ke5 42. Bd7 Kd6 43. Be8 Ke7 44. Bc6 Kd6 1/2-1/2

[Event "HUN-chT2 Barcza 1112 "]
[Site "Hungary"]
[Date "2011.10.30"]
[Round "2"]
[White "Dudas, Peter"]
[Black "Simon, Nandor"]
[Result "1/2-1/2"]
[WhiteElo "2189"]
[BlackElo "2125"]
[PlyCount "46"]
[EventDate "2011.09.25"]
[EventType "team-tourn"]
[EventRounds "11"]
[EventCountry "HUN"]
[SourceTitle "EXT 2013"]
[Source "ChessBase"]
[SourceDate "2012.11.22"]
[SourceVersion "1"]
[SourceVersionDate "2012.11.22"]
[SourceQuality "1"]
[WhiteTeam "Edeleny"]
[BlackTeam "Sarospatak"]
[WhiteTeamCountry "HUN"]
[BlackTeamCountry "HUN"]

1. d4 f5 2. Qd3 g6 3. g4 d5 4. Nc3 Nf6 5. Bg2 Bg7 6. h3 Nc6 7. Bf4 Ne4 8. Nb5 0-0 9. Bxe4 fxe4 10. Qd2 a6 11. Nc3 Bxd4 12. e3 e5 13. Bg3 Bxc3 14. Qxc3 Qf6 15. 0-0-0 Be6 16. Ne2 a5 17. Qc5 Nb4 18. a3 b6 19. Qb5 c6 20. Qxb6 Na6 21. Nc3 Rfc8 22. Na4 Nb8 23. Nc5 Nd7 1/2-1/2

[Event "HUN-chT2 Barcza 1011"]
[Site "Hungary"]
[Date "2011.04.17"]
[Round "9.6"]
[White "Dudas, Peter"]
[Black "Nyiri, Daniel"]
[Result "1-0"]
[WhiteElo "2201"]
[BlackElo "2055"]
[PlyCount "80"]
[EventDate "2010.09.12"]
[EventType "team-tourn"]
[EventRounds "11"]
[EventCountry "HUN"]
[SourceTitle "EXT 2012"]
[Source "ChessBase"]
[SourceDate "2011.11.24"]
[SourceVersion "1"]
[SourceVersionDate "2011.11.24"]
[SourceQuality "1"]
[WhiteTeam "Edeleny"]
[BlackTeam "Mezokovesd"]
[WhiteTeamCountry "HUN"]
[BlackTeamCountry "HUN"]

1. d4 Nf6 2. Bg5 e6 3. e4 Be7 4. Nc3 d5 5. e5 Nfd7 6. Bxe7 Qxe7 7. f4 Nb6 8. Nf3 c5 9. dxc5 Qxc5 10. Qd4 Qxd4 11. Nxd4 a6 12. g3 Bd7 13. Bh3 Nc6 14. Nce2 0-0 15. b3 Rac8 16. Kd2 Rc7 17. Rhf1 Bc8 18. Rf3 g6 19. Rc3 Bd7 20. Re1 Rfc8 21. Nxc6 bxc6 22. Rc5 Be8 23. Nc1 Ra8 24. Ra5 c5 25. Bf1 c4 26. c3 cxb3 27. axb3 d4 28. c4 Nd7 29. Nd3 Rb8 30. Kc2 Rcb7 31. Rb1 Rb6 32. Bg2 Rc8 33. Rba1 Nb8 34. R1a3 Bc6 35. Bxc6 Rcxc6 36. R3a4 Kf8 37. Kb2 Ke7 38. c5 Rb7 39. Rxd4 Rc8 40. Rd6 Nd7 1-0

[Event "HUN-chT2 Barcza 1011"]
[Site "Hungary"]
[Date "2011.04.10"]
[Round "8.5"]
[White "Dudas, Peter"]
[Black "Karacsony, Zsolt"]
[Result "1-0"]
[WhiteElo "2201"]
[BlackElo "2048"]
[PlyCount "77"]
[EventDate "2010.09.12"]
[EventType "team-tourn"]
[EventRounds "11"]
[EventCountry "HUN"]
[SourceTitle "EXT 2012"]
[Source "ChessBase"]
[SourceDate "2011.11.24"]
[SourceVersion "1"]
[SourceVersionDate "2011.11.24"]
[SourceQuality "1"]
[WhiteTeam "Edeleny"]
[BlackTeam "Sajoszentpeter"]
[WhiteTeamCountry "HUN"]
[BlackTeamCountry "HUN"]

1. d4 Nf6 2. c4 Nc6 3. Nf3 e6 4. Nc3 Bb4 5. Bg5 0-0 6. e3 d6 7. a3 Bxc3+ 8. bxc3 Re8 9. Be2 e5 10. 0-0 Bg4 11. Rb1 b6 12. Rb5 a6 13. Rb2 Qd7 14. Bxf6 gxf6 15. Nh4 Bxe2 16. Qxe2 Kh8 17. Qf3 f5 18. Nxf5 Rg8 19. Nh6 Rg6 20. Nf5 Rag8 21. g3 Na5 22. Rb4 Nc6 23. Rbb1 Na5 24. Rb4 Nc6 25. Rbb1 Na5 26. dxe5 Nxc4 27. Nh4 Re6 28. Qd5 Nxe5 29. f4 Ng4 30. Rfe1 Rh6 31. Nf3 f6 32. Re2 Qg7 33. Rf1 Rh3 34. Qe4 Qh6 35. Rg2 Qh5 36. Qd4 Qf7 37. Ng5 Rxg5 38. fxg5 Ne5 39. Qf4 1-0

[Event "HUN-chT2 Barcza 1011"]
[Site "Hungary"]
[Date "2010.10.24"]
[Round "4.5"]
[White "Szabo, Zsolt"]
[Black "Dudas, Peter"]
[Result "1/2-1/2"]
[WhiteElo "2196"]
[BlackElo "2201"]
[PlyCount "29"]
[EventDate "2010.09.12"]
[EventType "team-tourn"]
[EventRounds "11"]
[EventCountry "HUN"]
[SourceTitle "EXT 2012"]
[Source "ChessBase"]
[SourceDate "2011.11.24"]
[SourceVersion "1"]
[SourceVersionDate "2011.11.24"]
[SourceQuality "1"]
[WhiteTeam "DEAC"]
[BlackTeam "Edeleny"]
[WhiteTeamCountry "HUN"]
[BlackTeamCountry "HUN"]

1. d4 d5 2. Nf3 Nf6 3. Bf4 c5 4. c3 Nc6 5. e3 Qb6 6. Qb3 c4 7. Qxb6 axb6 8. Nbd2 b5 9. Be2 b4 10. 0-0 Bf5 11. Nh4 Be6 12. Nhf3 Bf5 13. Nh4 Be6 14. Nhf3 Bf5 15. Nh4 1/2-1/2

[Event "HUN-chT2 Barcza 0708"]
[Site "Hungary"]
[Date "2008.04.27"]
[Round "10"]
[White "Dudas, Peter"]
[Black "Hatala, Csaba Laszlo"]
[Result "1-0"]
[WhiteElo "2206"]
[BlackElo "1988"]
[PlyCount "87"]
[EventDate "2007.10.14"]
[EventType "team"]
[EventRounds "11"]
[EventCountry "HUN"]
[SourceTitle "EXT 2009"]
[Source "ChessBase"]
[SourceDate "2008.11.26"]
[SourceVersion "1"]
[SourceVersionDate "2008.11.26"]
[SourceQuality "1"]
[WhiteTeam "Edeleny"]
[BlackTeam "Miskolc II"]
[WhiteTeamCountry "HUN"]
[BlackTeamCountry "HUN"]

1. d4 Nf6 2. Bg5 Ne4 3. Bf4 c5 4. f3 Nf6 5. d5 d6 6. Nc3 g6 7. e4 Bg7 8. Qd2 a6 9. a4 Nbd7 10. Nge2 h6 11. Nc1 Nh5 12. Be3 Ne5 13. Be2 e6 14. f4 Ng4 15. Bxg4 Qh4+ 16. Qf2 Qxg4 17. N1e2 e5 18. f5 gxf5 19. h3 Qg6 20. exf5 Qxf5 21. Qxf5 Bxf5 22. g4 Bxc2 23. gxh5 Ke7 24. Kd2 Bf5 25. Ng3 Bd7 26. Raf1 Raf8 27. Nf5+ Bxf5 28. Rxf5 Bf6 29. h4 Bg7 30. Ne4 f6 31. Rg1 Rf7 32. Rg6 Rh7 33. Rf1 Rh8 34. Ng3 Bf8 35. Nf5+ Kd7 36. Rfg1 b6 37. Rg8 Rhh7 38. Kc3 Kc7 39. R1g6 Kd7 40. Bxh6 Be7 41. R6g7 Rhxg7 42. Rxg7 Ke8 43. Rg8+ Kd7 44. Bg7 1-0

[Event "HUN-chT 0607"]
[Site "Hungary"]
[Date "2006.11.26"]
[Round "2"]
[White "Dudas, Peter"]
[Black "Pavel, Miklos"]
[Result "0-1"]
[WhiteElo "2200"]
[BlackElo "2184"]
[PlyCount "78"]
[EventDate "2006.11.12"]
[EventType "team"]
[EventRounds "11"]
[EventCountry "HUN"]
[SourceTitle "EXT 2008"]
[Source "ChessBase"]
[SourceDate "2007.11.25"]
[SourceVersion "1"]
[SourceVersionDate "2007.11.25"]
[SourceQuality "1"]
[WhiteTeam "Edeleny"]
[BlackTeam "Taban Spartacus"]
[WhiteTeamCountry "HUN"]
[BlackTeamCountry "HUN"]

1. d4 d5 2. Nf3 Nf6 3. e3 c6 4. Bd3 Bg4 5. Nbd2 Nbd7 6. c4 e6 7. Qb3 Qc7 8. h3 Bh5 9. 0-0 Be7 10. Nh2 0-0 11. e4 e5 12. cxd5 exd4 13. Ndf3 Nc5 14. Qc2 Bg6 15. Nh4 Bxe4 16. Bxe4 Ncxe4 17. Nf5 Bc5 18. Ng4 cxd5 19. Nxf6+ Nxf6 20. Bg5 Ne4 21. Be7 d3 22. Qxd3 Bxe7 23. Rac1 Bc5 24. Qxd5 Bxf2+ 25. Kh1 Ng3+ 26. Nxg3 Qxg3 27. Rc3 Be3 28. Qd3 Rae8 29. Rf3 Qe1+ 30. Rf1 Qd2 31. Qb5 Bb6 32. Rcf3 Re2 33. Rg3 Bc7 34. Rg4 Qd6 35. Rgf4 Rfe8 36. Qc4 R8e7 37. Qb5 Qxf4 38. Rxf4 Bxf4 39. g4 Rh2+ 0-1

[Event "HUN-chT2 Barcza 0607"]
[Site "Hungary"]
[Date "2006.11.12"]
[Round "1"]
[White "Dudas, Peter"]
[Black "Barabas, Tibor"]
[Result "1-0"]
[WhiteElo "2213"]
[BlackElo "2109"]
[PlyCount "61"]
[EventDate "2006.11.12"]
[EventType "team"]
[EventRounds "11"]
[EventCountry "HUN"]
[SourceTitle "EXT 2008"]
[Source "ChessBase"]
[SourceDate "2007.11.25"]
[SourceVersion "1"]
[SourceVersionDate "2007.11.25"]
[SourceQuality "1"]
[WhiteTeam "Edeleny II"]
[BlackTeam "Mezokovesd"]
[WhiteTeamCountry "HUN"]
[BlackTeamCountry "HUN"]

1. d4 Nf6 2. Nf3 c5 3. e3 e6 4. Nbd2 Nc6 5. c3 b6 6. Bd3 Bb7 7. Qe2 Rc8 8. 0-0 Bd6 9. dxc5 bxc5 10. e4 Ng4 11. Nc4 Bb8 12. e5 f6 13. Bf4 fxe5 14. Nfxe5 Ncxe5 15. Nxe5 Nf6 16. Rad1 0-0 17. Bg3 Qb6 18. Bb5 Bxe5 19. Bxe5 c4 20. Ba4 Bc6 21. Bxc6 Qxc6 22. Rd6 Qa4 23. Rfd1 Rf7 24. Bxf6 gxf6 25. Rxd7 Re8 26. Qh5 Rfe7 27. Rxe7 Rxe7 28. Rd8+ Kg7 29. Qg4+ Kh6 30. Rg8 Qb5 31. Qh4+ 1-0

[Event "HUN-chT2 Maroczy 0506"]
[Site "Hungary"]
[Date "2006.03.19"]
[Round "9"]
[White "Dudas, Peter"]
[Black "Rozsa, Sandor"]
[Result "1-0"]
[WhiteElo "2183"]
[BlackElo "2048"]
[PlyCount "103"]
[EventDate "2005.10.16"]
[EventType "team"]
[EventRounds "11"]
[EventCountry "HUN"]
[SourceTitle "EXT 2009"]
[Source "ChessBase"]
[SourceDate "2008.11.26"]
[SourceVersion "1"]
[SourceVersionDate "2008.11.26"]
[SourceQuality "1"]
[WhiteTeam "Edeleny"]
[BlackTeam "Honved II"]
[WhiteTeamCountry "HUN"]
[BlackTeamCountry "HUN"]

1. e4 c6 2. d4 d5 3. Nc3 dxe4 4. Nxe4 Nd7 5. Ng5 Ngf6 6. Bd3 h6 7. Ne6 Qb6 8. Nxf8 Nxf8 9. c3 Bg4 10. Qb3 N8d7 11. h3 Be6 12. Qd1 c5 13. Nf3 0-0 14. 0-0 c4 15. Bc2 Qc7 16. Re1 Nb6 17. Ne5 Nbd5 18. Qf3 b5 19. Qg3 Kh8 20. Ng6+ fxg6 21. Rxe6 Qd7 22. Re5 g5 23. Bf5 Qb7 24. Qf3 Rad8 25. Bd2 Ng8 26. Qe4 Ngf6 27. Qf3 Ng8 28. Qe2 Rd6 29. Be4 Ngf6 30. Bf3 Qd7 31. Re1 Rd8 32. b3 Qc8 33. bxc4 bxc4 34. Qd1 Qa6 35. Qc2 Rc8 36. Qf5 Rcd8 37. Qc2 Rb8 38. Qf5 Qxa2 39. Bxg5 hxg5 40. Bxd5 Qd2 41. Bb7 Ng8 42. R5e2 Qxc3 43. Be4 Rh6 44. Qc5 Rd8 45. Bd5 Nf6 46. Re3 Qb2 47. Bxc4 Qxd4 48. Qxe7 Re8 49. Qxe8+ Nxe8 50. Rxe8+ Kh7 51. Bg8+ Kg6 52. g4 1-0

[Event "HUN-chT2 Maroczy 0506"]
[Site "Hungary"]
[Date "2006.02.12"]
[Round "7"]
[White "Hetenyi, Geza"]
[Black "Dudas, Peter"]
[Result "0-1"]
[WhiteElo "2225"]
[BlackElo "2183"]
[PlyCount "104"]
[EventDate "2005.10.16"]
[EventType "team"]
[EventRounds "11"]
[EventCountry "HUN"]
[SourceTitle "EXT 2009"]
[Source "ChessBase"]
[SourceDate "2008.11.26"]
[SourceVersion "1"]
[SourceVersionDate "2008.11.26"]
[SourceQuality "1"]
[WhiteTeam "Dunaharaszti"]
[BlackTeam "Edeleny"]
[WhiteTeamCountry "HUN"]
[BlackTeamCountry "HUN"]

1. e4 Nf6 2. e5 Nd5 3. d4 d6 4. Nf3 Bg4 5. Be2 Nc6 6. c4 Nb6 7. exd6 cxd6 8. Nbd2 g6 9. d5 Nb8 10. 0-0 Bg7 11. Re1 0-0 12. a4 a5 13. Ra3 Na6 14. h3 Bd7 15. Bd3 Nc5 16. Bc2 e6 17. dxe6 Bxe6 18. Qe2 Re8 19. Qf1 Qd7 20. b3 Bf5 21. Bxf5 Qxf5 22. Ra2 Rxe1 23. Qxe1 Nd3 24. Qf1 Nb4 25. Ra3 Re8 26. Qd1 d5 27. Ne1 Qe6 28. Nef3 Qd6 29. Nf1 Qe6 30. c5 Nd7 31. Be3 Ne5 32. Nd4 Qa6 33. Ra1 Ned3 34. Rb1 Rc8 35. Nc2 Nxc2 36. Qxc2 d4 37. Bd2 Rxc5 38. Qd1 Re5 39. Nh2 Nc5 40. Nf3 Re2 41. Rc1 b6 42. b4 axb4 43. Bxb4 d3 44. a5 Bb2 45. Rb1 Qc4 46. Be1 bxa5 47. Bxa5 Qc2 48. Ne1 Qc4 49. Nf3 Ne4 50. Bb6 Nc3 51. Qf1 Nxb1 52. Qxb1 d2 0-1

[Event "HUN-chT2 Maroczy 0506"]
[Site "Hungary"]
[Date "2005.10.16"]
[Round "1"]
[White "Szatmary, Revay Jozsef"]
[Black "Dudas, Peter"]
[Result "0-1"]
[WhiteElo "2112"]
[BlackElo "2183"]
[PlyCount "76"]
[EventDate "2005.10.16"]
[EventType "team"]
[EventRounds "11"]
[EventCountry "HUN"]
[SourceTitle "EXT 2009"]
[Source "ChessBase"]
[SourceDate "2008.11.26"]
[SourceVersion "1"]
[SourceVersionDate "2008.11.26"]
[SourceQuality "1"]
[WhiteTeam "Matra"]
[BlackTeam "Edeleny"]
[WhiteTeamCountry "HUN"]
[BlackTeamCountry "HUN"]

1. d4 d5 2. Nc3 Nf6 3. Bg5 Bf5 4. e3 e6 5. Bd3 Bg6 6. Nge2 c5 7. dxc5 Bxc5 8. 0-0 Nc6 9. a3 Bd6 10. Kh1 a6 11. Ng3 h6 12. Bxf6 Qxf6 13. f4 Bxd3 14. Qxd3 Rd8 15. Rf3 0-0 16. Raf1 Bb8 17. Nh5 Qg6 18. Rh3 Qxd3 19. cxd3 g6 20. Ng3 Kg7 21. d4 Na5 22. Nge2 Nc4 23. Rb1 Bd6 24. g4 Be7 25. Kg1 b5 26. Kf2 Rc8 27. Ke1 b4 28. axb4 Bxb4 29. Kd1 Bxc3 30. bxc3 Rb8 31. Ra1 a5 32. Nc1 Rb2 33. Ke1 Rfb8 34. Rf3 Rb1 35. Rxb1 Rxb1 36. Kd1 Rb2 37. Ke1 a4 38. Rf2 a3 0-1